01962nam a2200361 i 4500003000900000005001700009008004100026017001200067020001500079040004600094041000800140082002900148092000700177099003800184100005100222245022200273264006700495300003000562336002200592337002400614338003300638504010800671546011600779650007000895651001000965856005700975905000701032942001901039999001701058952017501075952017501250952017501425EG-GICUC20260121101537.0251224s1998    ua ||||fr||| 0||| ||ara|d  a9714513  a9770422258  a EG-GICUCbarac EG-GICUCd EG-GICUCerda0 aara04221a345.46bأ ن . ت04221  aLaw1 07 345.46 أ ن . ت  19980 aأنور أحمد رسلان.eمؤلف.10aتقارير الكفاية :bدراسة لتقويم الأداء الوظيفى فى القانون المقارن وقوانين دول مجلس التعاون الخليجي /cأنور أحمد رسلان. 1aالقاهرة : bدار النهضة العربية،c1998.  a485 صفحة ; c24 سم.  2rda contentatext  2rda mediaaComputer  2rda carrieraOnline Resource  aيحتوي على ارجاعات ببليوجرافية
يحتوي على قائمة بالمراجع  aالنص أغلبه باللغة العربية بعض النصوص الإنجليزية والفرنسية14aتقارير الكفايةxالقانون الاداري2qrmak1 2qrmak40uhttps://fll.law.cu.edu.eg/fulltext/bks/B07-01862.pdf  a75  2ddccBKe21n0  c52482d52482  00102ddc40718القانون الإداريaCUbLAW1d2025-12-24l0oLaw1 07 345.46 أ ن . ت  1998 0701862	C1pB07-01862r2025-12-24 15:06:00t1w2025-12-24yBK  00102ddc40708القانون الإداريaCUbLAW1d2025-12-25l0oLaw1 07 345.46 أ ن . ت  1998 0701651	C2pB07-01651r2025-12-25 11:30:00t2w2025-12-25yBK  00102ddc40708القانون الإداريaCUbLAW2d2025-12-25l0oLaw2 07 345.46 أ ن . ت  1998 0701864	C3pB07-01864r2025-12-25 11:31:00t3w2025-12-25yBK